| 000 | 00820nem a2200229 u 4500 | ||
|---|---|---|---|
| 005 | 20180803170252.0 | ||
| 008 | 160516b2004 c ||||| |a|| 00| 0 spa d | ||
| 040 |
_aCO-BoIAVH _cCO-BoIAVH |
||
| 041 | _aspa | ||
| 044 | _ack | ||
| 090 |
_aMC- _b0123 |
||
| 245 | 1 |
_aTrichechus inunguis ( Región amazonas) _bTaller de Manaties cartagena de indias, Colombia Mayo 23 a 28 de 2004. _h[Material Cartografico]/ |
|
| 255 | _a1:2.004.407 | ||
| 260 |
_aBogotá : _bRamón Hernando , _c2004 |
||
| 300 |
_a1 mapa : _bcolor. ; _c42 x 28 cm |
||
| 650 | 1 | 6 |
_aHidrografía _yAmazonas _zColombia _968236 |
| 650 | 1 | 6 |
_aInfraestructura _yAmazonas _zColombia _968237 |
| 650 | 1 | 4 |
_amanatí del Amazonas _yAmazonas _zColombia _968238 |
| 710 | 2 |
_aFundación Omacha _9101053 |
|
| 710 | 2 |
_aConservación Internacional _919330 |
|
| 942 |
_2z _cMapa |
||
| 999 |
_c18567 _d18567 |
||